000 02816ncm0a2200457 4500
001 RU\NLR\ONIZ\265883
005 20260406142253.0
035 _a(NLR Aleph) 012819310
071 2 0 _a786
090 _a12311902
_c12311902
100 _a20220426d1909 |||y0rusy50 ca
101 0 _arus
102 _aRU
125 _ad|
135 _acrgn 008anaba
145 0 _aa
200 1 _aСлава Гоголю
_bНоты
_e"Славу поем мы великому Гоголю..."
_e[для трехголосного хора a capella]
_fслова и музыка К. Маркевича
203 _aМузыка
_bзнаковая
_bвизуальная
_cнепосредственная
210 _aС. Петербург
_cМузыкальный магазин "Северная лира"
_d[1909]
215 _a5 с.
_cил.
_d28 см
300 _aВ надзаг.: 1809.20/III. 1909. К столетию со дня рождения Николая Васильевича Гоголя
313 _aСистематизация документа проведена по изданию - Методика классифицирования музыкальных произведений (нотных изданий) по таблицам Библиотечно-библиографических классификаций : метод. рекомендации / Гос. б-ка СССР им. В.И. Ленина.- М., 1977. Индексу ББК методических рекомендаций присваивается код ББК для научных библиотек - LBC/SL
325 _aКопия доступна в электронной библиотеке РНБ
606 1 _aХоровая музыка русская
_z19-20 вв.
_jНоты
_2nlr_sh
606 1 _a100-летия со дня рождения Н. В. Гоголя
_xМузыкальные посвящения
_jНоты
_2nlr_sh
686 0 _aЩ941.6-0-043.8(28)
700 1 _9z01790
_aМаркевич
_bК.
_cкомпозитор
_fнач. 20 в.
_4230
_7ca
702 1 _4280
_8rus
_7ca
_aГоголь
_bН. В.
_f1809-1852
_gНиколай Васильевич
_3RU\NLR\AUTH\773480
_9113476
790 1 _9z01700
_aMarkevič
_bK.
_fнач. 20 в.
_4230
_7ba
790 1 _9z02702
_aGogol'
_bN.V.
_f1809-1852
_gNikolaj Vasilyevich
_4280
801 0 _aRU
_bNLR
_c20220426
_gPSBO
801 1 _aRU
_bNLR
_c20220426
_2rusmarc
801 2 _aRU
_bNLR
_c20220426
852 _aNLR
_bМ
_j111.218а
_p218807
_t1
942 _cSCORE
980 _aNB
980 _aONIZ
981 2 4 _a(24) Нотные издания и аудиозаписи
_b(24) Хоровая музыка. Репертуар любительского хора.